Premier league 2018/19 teams - Statistics

General Stats
  • This quiz has been taken 25 times
  • The average score is 16 of 20
Answer Stats
Hint Answer % Correct
Champions Manchester city
100%
The red devils Manchester united
100%
The hammers West ham
100%
The toffies Everton
95%
The reds Liverpool
95%
The gunners Arsenal
91%
The blues Chelsea
91%
Newly promoted Fulham
91%
Spurs Tottenham Hotspur
86%
The seagulls Brighton
82%
The foxes Leicester
82%
The magpies Newcastle
82%
The eagles Crystal palace
77%
The saints Southampton
77%
The clarets Burnley
73%
The hornets Watford
68%
The cherries Bournemouth
59%
Newly promoted Wolves
59%
The terriers Huddersfield
55%
Newly promoted Cardiff
50%
No matching quizzes found
Score Distribution
Percent of People with Each Score
Percentile by Number Answered
Your Score History
You have not taken this quiz